000 01890nac a22004570a 4500
001 PT25490
003 AR-LpoUNG
005 20210201005154.0
008 201001s2006||||ag |||||||||||||||||spa d
020 _a9875800724
_c$6.60
040 _aAR-LpoUNG
_bspa
_eaacr
041 _aspa
044 _aag
082 0 _a982.064 594v5
100 1 _aAnguita, Eduardo
245 1 3 _aLa voluntad :
_buna historia de la militancia revolucionaria en la Argentina : 1976 - 1978 : la caída
250 _a1ra. ed.
260 _aBuenos Aires :
_bBooket,
_c2006.
300 _a732 p. :
_bil.
_a(5
_fVolúmenes)
_3Impreso
490 0 _aLa voluntad : una historia de la militancia revolucionaria en la Argentina
520 _a<p>Aborda el golpe militar de 1976 y continúa hasta el final del Mundial 78: el período de mayor poder político y militar del Proceso. Plasma el pase a la clandestinidad de miles de militantes, el tormento infinito de la ESMA, la vida en el exilio, las divisiones de la cúpula de las organizaciones revolucionarias, la debacle de la economía nacional, las formas que asumían la frivolidad, el ocio y la diversión, el Mundial 78 y el anhelo de congraciarse con el pueblo gracias a una fiesta deportiva y la cruzada por limpiar la devastada imagen internacional de esa Argentina.</p>
650 4 _aANALISIS HISTORICO
650 4 _aARGENTINA
650 4 _aASPECTOS ECONOMICOS
650 4 _aDICTADURA
650 4 _aFUERZAS ARMADAS
650 4 _aGOBIERNO MILITAR
650 4 _aGOLPES DE ESTADO
650 4 _aGUERRILLEROS
650 4 _aHISTORIA
650 4 _aIDEOLOGIAS POLITICAS
650 4 _aTERRORISMO
650 4 _aVIOLENCIA
651 4 _aArgentina
653 _aESCUELA DE MECANICA DE LA ARMADA
653 _aPROCESO DE REORGANIZACION NACIONAL
653 _aTRIPLE A
700 1 _aCaparrós, Martín
905 _a25490
942 _cLIB
999 _c48677
_d48677